Click Away Online Shopping with Data Mining (Customer Segmentation) (Record no. 9367)

000 -LEADER
fixed length control field 00532 a2200133 4500
082 ## - DEWEY DECIMAL CLASSIFICATION NUMBER
Classification number BIT-4
100 ## - MAIN ENTRY--PERSONAL NAME
Personal name Saima Tariq
9 (RLIN) 92931
245 ## - TITLE STATEMENT
Title Click Away Online Shopping with Data Mining (Customer Segmentation)
Statement of responsibility, etc. Saima Tariq
260 ## - PUBLICATION, DISTRIBUTION, ETC.
Place of publication, distribution, etc. Islamabad,
Name of publisher, distributor, etc. NUST School of Electrical Engineering & Computer Science,
Date of publication, distribution, etc. 2006.
300 ## - PHYSICAL DESCRIPTION
Extent viii, 60 p. :
Other physical details ill. ;
Dimensions 27 cm. +
Accompanying material CD-ROM
500 ## - GENERAL NOTE
General note Supervisors : Mr. Mansoor Shaukat, Mr. Shahrzad Khattak.
856 ## - ELECTRONIC LOCATION AND ACCESS
Uniform Resource Identifier <a href="http://10.250.8.41:8080/xmlui/handle/123456789/5774">http://10.250.8.41:8080/xmlui/handle/123456789/5774</a>
942 ## - ADDED ENTRY ELEMENTS (KOHA)
Koha item type Project Report
Call number prefix BIT-4 SAI
Source of classification or shelving scheme
Holdings
Withdrawn status Lost status Source of classification or shelving scheme Damaged status Not for loan Permanent Location Current Location Date acquired Full call number Barcode Date last seen Price effective from Koha item type
WITHDRAWN         Central Library (CL) Central Library (CL) 07/05/2022 BIT-4 SAI SEECSP00236 11/14/2012 11/14/2012 Project Report
© 2023 Central Library, National University of Sciences and Technology. All Rights Reserved.